Buying homes in radon-affected areas (Record no. 103608)

MARC details
000 -LEADER
fixed length control field 01309cam a2200265 4500
008 - FIXED-LENGTH DATA ELEMENTS--GENERAL INFORMATION
fixed length control field 040601n2004 000 0 eng u
020 ## - INTERNATIONAL STANDARD BOOK NUMBER
International Standard Book Number 1860816789
035 ## - SYSTEM CONTROL NUMBER
System control number (Sirsi) u126332
041 ## - LANGUAGE CODE
Language code of text/sound track or separate title eng
050 ## - LIBRARY OF CONGRESS CALL NUMBER
Classification number 615.625756
-- 18
100 ## - MAIN ENTRY--PERSONAL NAME
Personal name Scivyer, Chris
245 ## - TITLE STATEMENT
Title Buying homes in radon-affected areas
Remainder of title for solicitors, conveyancers, surveyors, estate agents, buyers and sellers
260 ## - PUBLICATION, DISTRIBUTION, ETC.
Place of publication, distribution, etc. Watford
Name of publisher, distributor, etc. BRE
Date of publication, distribution, etc. 2004
300 ## - PHYSICAL DESCRIPTION
Extent iv, 50p.
Dimensions 24cm.
350 ## - PRICE (NR) (BK AM CF MU VM SE) [OBSOLETE]
Price 27.50
520 ## - SUMMARY, ETC.
Summary, etc. This guide provides advice to anyone involved in buying and selling homes in areas affected by radon. It explains in simple terms what radon is, how to measure it and practical methods for reducing the risk from radon. It's common-sense approach to addresses the issue of radon during a property transaction,and includes information on a radon retention or bond whereby a small sum of the purchase money is withheld to pay for remedial works should they be needed. The guide is written mainly for professionals, although it will be of use to the lay person.
650 ## - SUBJECT ADDED ENTRY--TOPICAL TERM
Topical term or geographic name entry element RADON GAS
650 ## - SUBJECT ADDED ENTRY--TOPICAL TERM
Topical term or geographic name entry element HAZARDOUS SUBSTANCES
650 ## - SUBJECT ADDED ENTRY--TOPICAL TERM
Topical term or geographic name entry element RADIOACTIVE GAS
650 ## - SUBJECT ADDED ENTRY--TOPICAL TERM
Topical term or geographic name entry element PROPERTY TRANSACTIONS
650 ## - SUBJECT ADDED ENTRY--TOPICAL TERM
Topical term or geographic name entry element RADON AFFECTED AREAS
650 ## - SUBJECT ADDED ENTRY--TOPICAL TERM
Topical term or geographic name entry element RADON AND BUILDINGS
690 ## - LOCAL SUBJECT ADDED ENTRY--TOPICAL TERM (OCLC, RLIN)
Topical term or geographic name as entry element ENVIRONMENT-CONTAMINATION
942 ## - ADDED ENTRY ELEMENTS (KOHA)
Suppress in OPAC 0
Holdings
Withdrawn status Lost status Source of classification or shelving scheme Damaged status Not for loan Home library Current library Shelving location Date acquired Cost, normal purchase price Total Checkouts Full call number Barcode Date last seen Date last checked out Copy number Cost, replacement price Price effective from Koha item type
    Dewey Decimal Classification     London London Books 06/09/2004 27.50 5 615.925756 SCI 30069414 06/08/2019 12/05/2006 1 27.50 06/08/2019 Book